000 00720nam a22002057a 4500
999 _c10850
_d10850
003 AR-CdUCM
008 190402b ||||| |||| 00| 0 spa d
040 _aMUNICIPALIDAD PROVINCIAL DEL CUSCO
_cBIBLIOTECA MUNICIPAL DEL CUSCO
082 _a869.33 /
_bD68 / 1931
100 _aDiaz Casanueva, Humberto
_95826
245 _aVigilia por dentro /
260 _aSantiago de Chile :
_bNascimiento,
_c1931.
300 _a56 paginas ;
_c19 cm.
505 _aContenido : Elevación de la sima -- Presencia -- Don sin gloria -- Tentativa de soledad -- Transito ciego...
650 _aEnsayos Latinoamericanos
_927589
650 _aPoesías
_92272
650 _aVersos líricos
_927907
942 _2ddc
_cLIBROS
945 _awnts